Ant-Man Trilogy Cast - Sudden Death - Statistics

General Stats
  • This quiz has been taken 32 times
  • The average score is 7 of 14
Answers on the Grid
Answers color-coded by a green-red scale on the quiz's grid according to % correct below.
Michael Douglas
Questlove
David Dastmalchian
Kathryn Newton
Michael Pena
Julia Roberts
Sean Gunn
Laurence Fishburne
Judy Greer
Anthony Mackie
Paul Rudd
Frank Grillo
Michelle Pfeiffer
Jonathan Majors
Til Schweiger
Scarlett Johansson
Evangeline Lilly
Martin Freeman
Hayley Atwell
Lukas Haas
T.I.
Ernie Hudson
Charisma Carpenter
Talia Shire
Terry O'Quinn
Simon Pegg
Samuel L. Jackson
Hailee Steinfeld
Bill Murray
Walton Goggins
 
Answer Stats
Answer % Correct
Michael Pena
93%
Michael Douglas
87%
Paul Rudd
67%
David Dastmalchian
60%
Evangeline Lilly
60%
Michelle Pfeiffer
60%
Jonathan Majors
53%
T.I.
53%
Anthony Mackie
47%
Laurence Fishburne
47%
Kathryn Newton
33%
Walton Goggins
27%
Bill Murray
13%
Judy Greer
13%
No matching quizzes found
Score Distribution
Percent of People with Each Score
Percentile by Number Answered
Your Score History
You have not taken this quiz